Statistiques concernant Monaco Fair Play

Cliquez ici pour prendre le quiz!

Statistiques générales

  • Ce quiz a été pris 3 fois
  • Le résultat moyen est 13 sur 21

Statistiques - réponses

PointsJauneRougeSecond JaunePosteJoueur% Correct
584031Milieu OffensifAleksandr Golovin
100%
302402Milieu de terrainAurélien Tchouaméni
100%
383800Arrière DroitDjibril Sidibé
100%
535300Milieu de terrainFabinho
100%
513522Défenseur CentralJemerson
100%
353500Défenseur CentralKamil Glik
100%
332511AttaquantLudovic Giuly
100%
463321Arrière GauchePatrice Evra
100%
301721Milieu de terrainTiemoué Bakayoko
100%
382222Milieu de terrainYoussouf Fofana
100%
573823Arrière DroitAdriano
50%
564512Milieu de terrainAkis Zikos
50%
433320Défenseur CentralAndrea Raggi
50%
292900Défenseur CentralFrançois Modesto
50%
523730Défenseur CentralGaël Givet
50%
726411Milieu de terrainLucas Bernardi
50%
291920Gardien de butDanijel Subasic
0%
614713Milieu de terrainDiego Pérez
0%
292601Défenseur CentralGuillermo Maripán
0%
423411Milieu de terrainJerko Leko
0%
291920AilierNabil Dirar
0%

Distribution des résultats

Percentile par nombre de réponses

% des personnes avec chaque résultat

Votre développement - résultats

Vous n’avez pas pris ce quiz